Khảo sát kiến thức cơ bản của cán bộ y tế nhà nước và y tế tư nhân về chẩn đoán và sử dụng thuốc sốt rét tại Thừa Thiên Huế /
Đã lưu trong:
| 主要作者: | |
|---|---|
| 其他作者: | , |
| 格式: | Bài viết |
| 語言: | Vietnamese |
| 主題: | |
| 標簽: |
添加標簽
沒有標簽, 成為第一個標記此記錄!
|
| Thư viện lưu trữ: | Thư viện Trường Đại học Đà Lạt |
|---|
| LEADER | 00996nam a2200301 4500 | ||
|---|---|---|---|
| 001 | DLU100110746 | ||
| 005 | ##20100817 | ||
| 040 | # | # | |a DLU |b vie |
| 041 | # | # | |a vie |
| 044 | # | # | |a vn |
| 100 | # | # | |a Võ Đại Tùng. |
| 245 | # | # | |a Khảo sát kiến thức cơ bản của cán bộ y tế nhà nước và y tế tư nhân về chẩn đoán và sử dụng thuốc sốt rét tại Thừa Thiên Huế / |a Võ Đại Tùng, Hoàng Kim Huyền, Trương Văn Nhữ. |
| 653 | # | # | |a Kiến thức |
| 653 | # | # | |a Sốt rét |
| 653 | # | # | |a Tiêu chuẩn |
| 653 | # | # | |a Y học |
| 700 | # | # | |a Trương Văn Nhữ. |
| 700 | # | # | |a Hoàng Kim Huyền. |
| 773 | # | # | |t Tạp chí Dược học |g Số1(381), 2008, tr. 6-10 |
| 920 | # | # | |a Phòng Tạp chí -- Trung tâm Thông tin - Thư viện Trường Đại học Đà Lạt |
| 994 | # | # | |a DLU |
| 900 | # | # | |a True |
| 911 | # | # | |a Nguyễn Thị Linh Chi |
| 925 | # | # | |a G |
| 926 | # | # | |a A |
| 927 | # | # | |a BB |
| 980 | # | # | |a Thư viện Trường Đại học Đà Lạt |